Die generation von 1898 in spanien / (Record no. 84956)

MARC details
000 -LEADER
campo de control de longitud fija 00691nam a2200205 i 4500
001 - NÚMERO DE CONTROL
campo de control 84956
003 - IDENTIFICADOR DE NÚMERO DE CONTROL
campo de control ES-MaACL
005 - FECHA Y HORA DE LA ÚLTIMA TRANSACCIÓN
campo de control 20230906175142.0
007 - CAMPO FIJO DE DESCRIPCIÓN FÍSICA--INFORMACIÓN GENERAL
campo de control de longitud fija t|
008 - DATOS DE LONGITUD FIJA--INFORMACIÓN GENERAL
campo de control de longitud fija 041124s1934 gw ||||1| ger d
100 1# - ENTRADA PRINCIPAL--NOMBRE DE PERSONA
Nombre de persona Jeschke, Hans.
9 (RLIN) 66351
245 14 - MENCIÓN DEL TÍTULO
Título Die generation von 1898 in spanien /
Mención de responsabilidad, etc. von Hans Jeschke.
260 ## - PUBLICACIÓN, DISTRIBUCIÓN, ETC.
Lugar de publicación, distribución, etc. Halle :
Nombre del editor, distribuidor, etc. Max Niemeyer,
Fecha de publicación, distribución, etc. 1934 (
Fabricante C. Gehulze)
300 ## - DESCRIPCIÓN FÍSICA
Extensión VI, 96 p. ;
Dimensiones 24 cm.
490 1# - MENCIÓN DE SERIE
Mención de serie Beihefte zur zeitschrift für romanische philologie ;
Designación de volumen o secuencia 83
650 ## - PUNTO DE ACCESO ADICIONAL DE MATERIA--TÉRMINO DE MATERIA
Término de materia o nombre geográfico como elemento de entrada Generación del 98 (Literatura)
9 (RLIN) 13051
830 0# - PUNTO DE ACCESO ADICIONAL DE SERIE-TÍTULO UNIFORME
Título uniforme Beihefte zur zeitschrift für romanische philologie ;
Designación de volumen o secuencia 83
9 (RLIN) 231686
852 ## - LOCALIZACIÓN
Ubicación ES-MaACL
Número de control de estantería 1811-F-17
Sublocalización o colección R.18128
Holdings
Estatus retirado Estado de pérdida Estado de daño No para préstamo Colección Biblioteca de origen Biblioteca actual Ubicación en estantería Fecha de adquisición Fuente de adquisición Total de préstamos Signatura topográfica completa Código de barras Visto por última vez Precio de reemplazo Tipo de ítem Koha
        Colección de folletos Biblioteca del Ateneo de Madrid Biblioteca del Ateneo de Madrid Depósito folletos 17/01/2008     1811-F-17 1088781 23/02/2023 23/02/2023 Folleto